[Event "GBR-ch Soanes op 106th"]
[Site "Torquay"]
[Date "2019.07.27"]
[Round "3"]
[White "Price, Andrew"]
[Black "O'Hanlon, Pat"]
[Result "1/2-1/2"]
[WhiteElo "1768"]
[BlackElo "1647"]
[PlyCount "32"]
[EventDate "2019.07.26"]
[EventType "swiss"]
[EventRounds "5"]
[EventCountry "ENG"]
[SourceTitle "EXT 2021"]
[Source "ChessBase"]
[SourceDate "2020.10.23"]
[SourceVersion "1"]
[SourceVersionDate "2020.10.23"]
[SourceQuality "1"]

1. e4 d5 2. exd5 Qxd5 3. Nf3 Nf6 4. Nc3 Qd8 5. Bc4 a6 6. 0-0 b5 7. Bb3 e6 8. d3 Be7 9. Qe2 0-0 10. Ne5 Bb7 11. Re1 Nbd7 12. Bf4 Nxe5 13. Bxe5 Bd6 14. Bxd6 cxd6 15. Ne4 Nxe4 16. dxe4 Qg5 1/2-1/2

[Event "BCF-chT4S 1819 (4NCL)"]
[Site "England"]
[Date "2019.05.06"]
[Round "11.65"]
[White "Price, Andrew"]
[Black "Snook Lumb, Chris"]
[Result "1-0"]
[WhiteElo "1772"]
[BlackElo "1716"]
[PlyCount "36"]
[EventDate "2018.11.17"]
[EventType "team-swiss"]
[EventRounds "11"]
[EventCountry "ENG"]
[SourceTitle "EXT 2021"]
[Source "ChessBase"]
[SourceDate "2020.10.23"]
[SourceVersion "1"]
[SourceVersionDate "2020.10.23"]
[SourceQuality "1"]
[WhiteTeam "Throw in the Tal"]
[BlackTeam "Check Innmates II"]
[WhiteTeamCountry "ENG"]
[BlackTeamCountry "ENG"]

1. e4 g6 2. d4 Bg7 3. Nf3 c5 4. Nc3 cxd4 5. Nxd4 Nc6 6. Be3 e6 7. Ndb5 d5 8. exd5 Bxc3+ 9. Nxc3 exd5 10. Qxd5 Bf5 11. Bc4 Qf6 12. 0-0-0 Nge7 13. Qd6 Qh4 14. Qf4 Qxf4 15. Bxf4 Nb4 16. Bb3 0-0 17. Bd6 Nbc6 18. Nd5 Rfe8 1-0

[Event "BCF-chT4S 1819 (4NCL)"]
[Site "England"]
[Date "2019.04.14"]
[Round "8.76"]
[White "Price, Andrew"]
[Black "Fraser, Susanna"]
[Result "0-1"]
[WhiteElo "1772"]
[BlackElo "1649"]
[PlyCount "46"]
[EventDate "2018.11.17"]
[EventType "team-swiss"]
[EventRounds "11"]
[EventCountry "ENG"]
[SourceTitle "EXT 2021"]
[Source "ChessBase"]
[SourceDate "2020.10.23"]
[SourceVersion "1"]
[SourceVersionDate "2020.10.23"]
[SourceQuality "1"]
[WhiteTeam "Throw in the Tal"]
[BlackTeam "Fischer's Catch"]
[WhiteTeamCountry "ENG"]
[BlackTeamCountry "WLS"]

1. e4 e5 2. Nc3 Nf6 3. f4 d5 4. fxe5 Nxe4 5. d3 Qh4+ 6. g3 Nxc3 7. bxc3 Qa4 8. d4 Be7 9. Bg2 Nc6 10. Bxd5 0-0 11. Qd3 Rd8 12. Bb3 Qa5 13. Nf3 Bh3 14. Bd2 Qb6 15. Rb1 Kh8 16. Ng5 Bxg5 17. Bxg5 Nxe5 18. Qe3 Nc4 19. Qf3 Re8+ 20. Kf2 Ne5 21. Qd1 Ng4+ 22. Kf3 Qc6+ 23. d5 Qxc3+ 0-1

[Event "BCF-chT4S 1819 (4NCL)"]
[Site "England"]
[Date "2019.04.13"]
[Round "7.45"]
[White "Cole, Graham"]
[Black "Price, Andrew"]
[Result "1/2-1/2"]
[WhiteElo "1794"]
[BlackElo "1772"]
[PlyCount "63"]
[EventDate "2018.11.17"]
[EventType "team-swiss"]
[EventRounds "11"]
[EventCountry "ENG"]
[SourceTitle "EXT 2021"]
[Source "ChessBase"]
[SourceDate "2020.10.23"]
[SourceVersion "1"]
[SourceVersionDate "2020.10.23"]
[SourceQuality "1"]
[WhiteTeam "Oxford III"]
[BlackTeam "Throw in the Tal"]
[WhiteTeamCountry "ENG"]
[BlackTeamCountry "ENG"]

1. e4 c5 2. Nf3 d6 3. d4 cxd4 4. Nxd4 Nf6 5. Nc3 a6 6. Be3 e5 7. Nb3 Be6 8. f3 Be7 9. Qd2 d5 10. exd5 Nxd5 11. Nxd5 Qxd5 12. Qxd5 Bxd5 13. 0-0-0 Be6 14. Nc5 Bxc5 15. Bxc5 f6 16. Rd6 Kf7 17. Kb1 Nc6 18. Be2 Rhd8 19. Rhd1 Rxd6 20. Rxd6 Rd8 21. Rxd8 Nxd8 22. a3 Bd5 23. c4 Bc6 24. Kc1 g5 25. Kd2 Ne6 26. Be3 g4 27. Ke1 gxf3 28. Bxf3 Bxf3 29. gxf3 Ke7 30. Kd2 Kd6 31. Kd3 Nc5+ 32. Bxc5+ 1/2-1/2

[Event "ENG-ch Seniors 65"]
[Site "Solihull"]
[Date "2019.04.05"]
[Round "3"]
[White "Downham, Alan"]
[Black "Price, Andrew"]
[Result "1-0"]
[WhiteElo "1967"]
[BlackElo "1767"]
[PlyCount "85"]
[EventDate "2019.04.04"]
[EventType "swiss"]
[EventRounds "6"]
[EventCountry "ENG"]
[SourceTitle "CBM 190 Extra"]
[Source "ChessBase"]
[SourceDate "2019.07.15"]
[SourceVersion "1"]
[SourceVersionDate "2019.07.15"]
[SourceQuality "1"]

1. c4 Nf6 2. g3 c5 3. Bg2 Nc6 4. Nc3 d6 5. d3 g6 6. e4 Bg7 7. Nge2 0-0 8. 0-0 Nd7 9. f4 Nd4 10. Be3 e5 11. Qd2 f5 12. Nd5 Nf6 13. fxe5 Nxe2+ 14. Qxe2 Nxd5 15. exd5 Bxe5 16. Bxc5 Re8 17. Be3 Bd4 18. Rf3 f4 19. gxf4 Bg4 20. Qf2 Bxf3 21. Bxd4 Bg4 22. Qg3 Bf5 23. Rd1 Qe7 24. Bf3 Kf7 25. Qf2 b6 26. b4 Rac8 27. Kg2 h5 28. Bc3 Kg8 29. Qd4 Qh7 30. Qf6 Rcd8 31. Re1 Rf8 32. Qd4 Rd7 33. c5 bxc5 34. bxc5 dxc5 35. Qe5 Bxd3 36. d6 Bc4 37. Qxc5 Bxa2 38. Bc6 Rdf7 39. Bd5 Bxd5+ 40. Qxd5 Rd8 41. d7 Kf8 42. Qd6+ Re7 43. Qf6+ 1-0

[Event "BCF-chT4S 1819 (4NCL)"]
[Site "England"]
[Date "2019.01.12"]
[Round "3.35"]
[White "Tart, Peter K"]
[Black "Price, Andrew"]
[Result "0-1"]
[WhiteElo "1933"]
[BlackElo "1772"]
[PlyCount "76"]
[EventDate "2018.11.17"]
[EventType "team-swiss"]
[EventRounds "11"]
[EventCountry "ENG"]
[SourceTitle "EXT 2021"]
[Source "ChessBase"]
[SourceDate "2020.10.23"]
[SourceVersion "1"]
[SourceVersionDate "2020.10.23"]
[SourceQuality "1"]
[WhiteTeam "Crowthorne"]
[BlackTeam "Throw in the Tal"]
[WhiteTeamCountry "ENG"]
[BlackTeamCountry "ENG"]

1. e4 c5 2. Nc3 Nc6 3. Bb5 d6 4. Bxc6+ bxc6 5. d3 g6 6. f4 Bg7 7. Nf3 e6 8. 0-0 Ne7 9. Qe1 0-0 10. e5 d5 11. Na4 c4 12. dxc4 dxc4 13. Be3 Nd5 14. Rd1 Qc7 15. Bc5 Rd8 16. Ng5 Ba6 17. Rf3 Bb5 18. Nc3 Qa5 19. Qh4 h6 20. Nce4 Rd7 21. Rdf1 Qd8 22. Qh3 c3 23. bxc3 Bxf1 24. Rxf1 Rb8 25. c4 Ne7 26. Nf6+ Bxf6 27. Nxe6 fxe6 28. Qxe6+ Kh7 29. exf6 Nf5 30. g4 Nh4 31. Be7 Qe8 32. g5 Nf5 33. Re1 Nd4 34. Qh3 h5 35. f7 Qxf7 36. Qxd7 Nf3+ 37. Kf2 Nxe1 38. Kxe1 Re8 0-1

[Event "Nottingham 4NCL Major op"]
[Site "Nottingham"]
[Date "2018.09.29"]
[Round "3"]
[White "Price, Andrew"]
[Black "Ramprasad, Cherupalli"]
[Result "1/2-1/2"]
[WhiteElo "1765"]
[BlackElo "1825"]
[PlyCount "68"]
[EventDate "2018.09.28"]
[EventType "swiss"]
[EventRounds "5"]
[EventCountry "ENG"]
[SourceTitle "CBM 187 Extra"]
[Source "ChessBase"]
[SourceDate "2018.11.04"]
[SourceVersion "1"]
[SourceVersionDate "2018.11.04"]
[SourceQuality "1"]

1. e4 e5 2. Nc3 Nf6 3. f4 d5 4. fxe5 Nxe4 5. d3 Nxc3 6. bxc3 Be7 7. Nf3 0-0 8. Be2 f6 9. 0-0 fxe5 10. Nxe5 Bf6 11. Bf4 Qe7 12. d4 c5 13. Bf3 Rd8 14. Re1 Qf8 15. Qd2 Nc6 16. Rab1 cxd4 17. cxd4 Be7 18. c3 Na5 19. Rb5 Nc4 20. Nxc4 dxc4 21. Bxb7 Bxb7 22. Rxb7 Bf6 23. Bg5 Rdb8 24. Rxb8 Rxb8 25. Bxf6 Qxf6 26. Qe2 Qc6 27. Qe6+ Qxe6 28. Rxe6 Rb1+ 29. Kf2 Rc1 30. Rc6 Rxc3 31. d5 Rc2+ 32. Kf3 Rxa2 33. d6 Kf7 34. Rxc4 Rd2 1/2-1/2

[Event "Torquay Paignton Bloodworth op"]
[Site "Torquay"]
[Date "2018.09.07"]
[Round "6"]
[White "Price, Andrew"]
[Black "Doherty, Paul D"]
[Result "1-0"]
[WhiteElo "148"]
[BlackElo "141"]
[PlyCount "31"]
[EventDate "2018.09.02"]
[EventType "swiss"]
[EventRounds "7"]
[EventCountry "ENG"]
[SourceTitle "CBM 187 Extra"]
[Source "ChessBase"]
[SourceDate "2018.11.04"]
[SourceVersion "1"]
[SourceVersionDate "2018.11.04"]
[SourceQuality "1"]

1. e4 c5 2. Nf3 d6 3. d4 cxd4 4. Nxd4 Nf6 5. Nc3 a6 6. Bg5 e6 7. f4 b5 8. Be2 Be7 9. Bf3 Ra7 10. a3 Bd7 11. Qd2 Rc7 12. e5 dxe5 13. fxe5 Ng8 14. Bf4 Bc5 15. Ne4 Nc6 16. Nxc5 1-0

[Event "Torquay Paignton Bloodworth op"]
[Site "Torquay"]
[Date "2018.09.04"]
[Round "3"]
[White "Blencowe, Ian P"]
[Black "Price, Andrew"]
[Result "1-0"]
[WhiteElo "123"]
[BlackElo "148"]
[PlyCount "71"]
[EventDate "2018.09.02"]
[EventType "swiss"]
[EventRounds "7"]
[EventCountry "ENG"]
[SourceTitle "CBM 187 Extra"]
[Source "ChessBase"]
[SourceDate "2018.11.04"]
[SourceVersion "1"]
[SourceVersionDate "2018.11.04"]
[SourceQuality "1"]

1. d4 e6 2. Bf4 d5 3. e3 f5 4. c3 Nf6 5. Nd2 c5 6. Ngf3 Nc6 7. Ne5 cxd4 8. exd4 Ne4 9. Nxe4 fxe4 10. Qh5+ g6 11. Nxg6 hxg6 12. Qxh8 Qe7 13. Bh6 Bd7 14. Qxf8+ Qxf8 15. Bxf8 Kxf8 16. Be2 Ne7 17. 0-0 Kg7 18. b3 Nf5 19. a4 a6 20. Bg4 Nh6 21. h3 Re8 22. f3 Nxg4 23. hxg4 exf3 24. gxf3 g5 25. Rfe1 Kg6 26. Re5 Rc8 27. Rc1 b5 28. a5 b4 29. c4 dxc4 30. Rxc4 Rb8 31. Re3 Kf6 32. Rc5 Bb5 33. Ree5 Rg8 34. Rxb5 axb5 35. Rxb5 Ra8 36. Kf2 1-0

[Event "BCF-chT4S 1718 (4NCL)"]
[Site "England"]
[Date "2018.03.25"]
[Round "8.56"]
[White "Onslow, Teddy"]
[Black "Price, Andrew"]
[Result "0-1"]
[WhiteElo "1649"]
[BlackElo "1744"]
[PlyCount "82"]
[EventDate "2017.11.11"]
[EventType "team-swiss"]
[EventRounds "11"]
[EventCountry "ENG"]
[SourceTitle "EXT 2020"]
[Source "ChessBase"]
[SourceDate "2019.10.17"]
[SourceVersion "1"]
[SourceVersionDate "2019.10.17"]
[SourceQuality "1"]
[WhiteTeam "Brown Jack II"]
[BlackTeam "Throw in the Tal"]
[WhiteTeamCountry "ENG"]
[BlackTeamCountry "ENG"]

1. d4 d5 2. Bf4 c6 3. e3 e6 4. Bd3 f5 5. Nf3 Nf6 6. Nbd2 Nbd7 7. Ne5 Nxe5 8. Bxe5 Be7 9. Bxf6 Bxf6 10. Qh5+ g6 11. Qe2 Qb6 12. Nb3 a5 13. c3 a4 14. Nc5 Be7 15. 0-0 Bxc5 16. dxc5 Qxc5 17. c4 dxc4 18. Bxc4 b5 19. Bd3 Bd7 20. Rac1 Qb6 21. e4 0-0 22. Rfd1 Rad8 23. exf5 exf5 24. Qc2 Rfe8 25. b3 axb3 26. Qxb3+ Be6 27. Qc2 Bd5 28. a4 bxa4 29. Qxa4 Ra8 30. Qf4 Kg7 31. Bc4 Re4 32. Qg5 Rxc4 33. Rxc4 Bxc4 34. Qe7+ Bf7 35. h4 Re8 36. Qg5 Re4 37. Rd6 Re1+ 38. Kh2 Re6 39. Rd8 Qxf2 40. h5 h6 41. Qc1 Qh4+ 0-1

[Event "Douglas IoM Major op"]
[Site "Douglas"]
[Date "2017.09.26"]
[Round "2"]
[White "Price, Andrew"]
[Black "Cross, Glenn"]
[Result "0-1"]
[WhiteElo "1768"]
[BlackElo "1893"]
[PlyCount "46"]
[EventDate "2017.09.25"]
[EventType "swiss"]
[EventRounds "7"]
[EventCountry "IOM"]
[SourceTitle "CBM 181 Extra"]
[Source "ChessBase"]
[SourceDate "2017.12.12"]
[SourceVersion "1"]
[SourceVersionDate "2017.12.12"]
[SourceQuality "1"]

1. e4 c5 2. d4 cxd4 3. c3 dxc3 4. Nxc3 e6 5. Bc4 a6 6. Nf3 Nc6 7. 0-0 Be7 8. Bf4 d6 9. Qe2 e5 10. Be3 Nf6 11. Rfd1 0-0 12. a3 b5 13. Bd5 Nxd5 14. Nxd5 Be6 15. Bb6 Qd7 16. Qe3 f5 17. Rac1 Rac8 18. Rc3 Bxd5 19. Rxd5 f4 20. Qc1 Qb7 21. Nxe5 Nxe5 22. Bd4 Rxc3 23. Bxc3 Qc6 0-1

[Event "BCF-ch Seniors 65"]
[Site "Llandudno"]
[Date "2017.08.04"]
[Round "6"]
[White "Price, Andrew"]
[Black "Goodwin, Ed H"]
[Result "1/2-1/2"]
[WhiteElo "1795"]
[BlackElo "1856"]
[PlyCount "105"]
[EventDate "2017.07.30"]
[EventType "swiss"]
[EventRounds "7"]
[EventCountry "WLS"]
[SourceTitle "CBM 179 Extra"]
[Source "ChessBase"]
[SourceDate "2017.08.23"]
[SourceVersion "1"]
[SourceVersionDate "2017.08.23"]
[SourceQuality "1"]

1. e4 e6 2. d4 d5 3. exd5 exd5 4. Bd3 Nc6 5. c3 Bd6 6. Nf3 Nge7 7. 0-0 Bg4 8. Re1 Qd7 9. Nbd2 0-0 10. Nf1 Bf5 11. Ng3 Bxd3 12. Qxd3 Rae8 13. Ne5 Nxe5 14. dxe5 Bc5 15. Be3 Bxe3 16. Rxe3 Ng6 17. Rae1 c6 18. Qd4 b6 19. Rd1 Rd8 20. Red3 f6 21. exf6 Rxf6 22. Re3 Rdf8 23. f3 Qf7 24. Rde1 Rf4 25. Qd1 d4 26. cxd4 Qxa2 27. R1e2 Qd5 28. Rd3 Rd8 29. Red2 Rff8 30. Ra3 Rd7 31. Ne4 Nf4 32. Rc3 Qb5 33. Qc2 Rxd4 34. Rxc6 Rxd2 35. Nxd2 Qe2 36. Qc4+ Qxc4 37. Nxc4 Re8 38. Nd6 Re1+ 39. Kf2 Re2+ 40. Kg3 g5 41. Rc8+ Kg7 42. Kg4 Rxg2+ 43. Kf5 Rd2 44. Rc7+ Kf8 45. Ne4 Rxb2 46. Rxh7 Rb5+ 47. Kf6 Nd5+ 48. Kxg5 Nc3+ 49. Kf6 Nd5+ 50. Ke6 Nf4+ 51. Kf6 Nd5+ 52. Ke6 Nf4+ 53. Kf6 1/2-1/2

[Event "Wakefield 4NCL op-B 14th"]
[Site "Wokefield"]
[Date "2017.07.16"]
[Round "4"]
[White "Price, Andrew"]
[Black "Merriman, James"]
[Result "1-0"]
[WhiteElo "1805"]
[BlackElo "1496"]
[PlyCount "55"]
[EventDate "2017.07.14"]
[EventType "swiss"]
[EventRounds "5"]
[EventCountry "ENG"]
[SourceTitle "EXT 2018"]
[Source "ChessBase"]
[SourceDate "2017.10.13"]
[SourceVersion "1"]
[SourceVersionDate "2017.10.13"]
[SourceQuality "1"]

1. e4 e6 2. d4 d5 3. exd5 exd5 4. Nf3 Bd6 5. Be2 Ne7 6. 0-0 Nbc6 7. Nbd2 Bf5 8. a3 0-0 9. c4 dxc4 10. Nxc4 Ng6 11. Nxd6 Qxd6 12. Be3 Rad8 13. Qd2 Rfe8 14. Rfd1 h6 15. Rac1 b6 16. Qc3 Nce7 17. Qxc7 Qxc7 18. Rxc7 Nd5 19. Rxa7 Nxe3 20. fxe3 Rxe3 21. Bc4 Be6 22. Bxe6 Rxe6 23. Rb7 Nf4 24. Rd2 Rc8 25. Kf2 f6 26. Nh4 g5 27. Nf5 h5 28. Ne7+ 1-0

[Event "BCF-chT4S 1617 (4NCL)"]
[Site "England"]
[Date "2017.04.29"]
[Round "9.55"]
[White "Price, Andrew"]
[Black "Towers, Nigel S"]
[Result "1/2-1/2"]
[WhiteElo "1870"]
[BlackElo "1800"]
[PlyCount "79"]
[EventDate "2016.11.26"]
[EventType "team-swiss"]
[EventRounds "11"]
[EventCountry "ENG"]
[SourceTitle "EXT 2019"]
[Source "ChessBase"]
[SourceDate "2018.10.10"]
[SourceVersion "1"]
[SourceVersionDate "2018.10.10"]
[SourceQuality "1"]
[WhiteTeam "Throw in the Tal"]
[BlackTeam "CSC Rhinos"]
[WhiteTeamCountry "ENG"]
[BlackTeamCountry "ENG"]

1. e4 c6 2. d4 d5 3. Nd2 dxe4 4. Nxe4 Bf5 5. Ng3 Bg6 6. Nf3 Nd7 7. Bc4 e6 8. Qe2 Ngf6 9. Bg5 Be7 10. Ne5 Nxe5 11. dxe5 Nd5 12. Bxe7 Qxe7 13. 0-0 0-0 14. Bxd5 cxd5 15. c3 Rac8 16. Rad1 Rc4 17. f4 Qc5+ 18. Qf2 Qxf2+ 19. Rxf2 Rd8 20. h4 h6 21. h5 Bh7 22. Ne2 Bf5 23. g3 Bg4 24. Rh2 Re4 25. Rd2 Bxe2 26. Rhxe2 Rc4 27. Re3 Rdc8 28. Red3 Kf8 29. Rd4 Ke7 30. Kf2 R8c7 31. Ke3 Rc8 32. R2d3 b5 33. Kd2 a5 34. b3 R4c7 35. a4 Rc5 36. axb5 Rxb5 37. Kc2 Rbc5 38. Ra4 R8c7 39. b4 axb4 40. Rxb4 1/2-1/2

[Event "BCF-chT4S 1617 (4NCL)"]
[Site "England"]
[Date "2016.11.27"]
[Round "2.61"]
[White "Ogunshola, Ben"]
[Black "Price, Andrew"]
[Result "1-0"]
[WhiteElo "2152"]
[BlackElo "1870"]
[PlyCount "47"]
[EventDate "2016.11.26"]
[EventType "team-swiss"]
[EventRounds "11"]
[EventCountry "ENG"]
[SourceTitle "EXT 2019"]
[Source "ChessBase"]
[SourceDate "2018.10.10"]
[SourceVersion "1"]
[SourceVersionDate "2018.10.10"]
[SourceQuality "1"]
[WhiteTeam "The Pitstop"]
[BlackTeam "Throw in the Tal II"]
[WhiteTeamCountry "ENG"]
[BlackTeamCountry "ENG"]

1. Nf3 d5 2. g3 c5 3. Bg2 Nc6 4. 0-0 e5 5. d3 Nf6 6. Bg5 Be7 7. Nc3 h6 8. Bxf6 Bxf6 9. Nd2 Be6 10. e4 d4 11. Nd5 Rc8 12. c4 dxc3 13. bxc3 b6 14. Rb1 Qd7 15. Nc4 0-0 16. Nce3 Be7 17. f4 f6 18. Rb2 c4 19. Nxc4 Bc5+ 20. Kh1 Bxd5 21. exd5 Ne7 22. fxe5 Nxd5 23. Qb3 Qf7 24. Nd6 1-0

[Event "BCF-chT4S 1617 (4NCL)"]
[Site "England"]
[Date "2016.11.26"]
[Round "1.16"]
[White "Price, Andrew"]
[Black "Matta, Francesca"]
[Result "1/2-1/2"]
[WhiteElo "1870"]
[BlackElo "1949"]
[PlyCount "122"]
[EventDate "2016.11.26"]
[EventType "team-swiss"]
[EventRounds "11"]
[EventCountry "ENG"]
[SourceTitle "EXT 2019"]
[Source "ChessBase"]
[SourceDate "2018.10.10"]
[SourceVersion "1"]
[SourceVersionDate "2018.10.10"]
[SourceQuality "1"]
[WhiteTeam "Throw in the Tal"]
[BlackTeam "Oxford II"]
[WhiteTeamCountry "ENG"]
[BlackTeamCountry "ENG"]

1. e4 c5 2. Nf3 e6 3. d4 cxd4 4. Nxd4 a6 5. Be3 Nf6 6. Nd2 d6 7. c3 Be7 8. Be2 0-0 9. 0-0 Nbd7 10. f4 Qc7 11. a4 b6 12. Qc2 Bb7 13. Bf3 Rfd8 14. g4 Rab8 15. g5 Ne8 16. Bg4 Nf8 17. Qb3 Ba8 18. f5 e5 19. Ne2 d5 20. Ng3 b5 21. Qc2 d4 22. Bf2 Bxg5 23. Nf3 Be7 24. axb5 axb5 25. Qb3 Nf6 26. Ng5 Nxg4 27. Nxf7 Qc4 28. Qxc4 bxc4 29. Nxd8 Rxd8 30. cxd4 Nxf2 31. Rxf2 exd4 32. Rc2 Bd6 33. Rxc4 Bxg3 34. hxg3 Bxe4 35. Rd1 Bxf5 36. Rcxd4 Rb8 37. b4 Nd7 38. g4 Be6 39. Re1 Kf7 40. Rf4+ Ke7 41. Rfe4 Rb6 42. g5 Nf8 43. Kf2 Rb5 44. Rg1 Kd6 45. Rh4 Bf5 46. Ke3 Bg6 47. Rd4+ Ke7 48. Rdg4 Ne6 49. R1g2 Nc7 50. Rb2 Ke6 51. Kf2 Kf5 52. Kg3 Re5 53. Rf2+ Ke6 54. Kh4 Bd3 55. Rd2 Bf5 56. Rc4 Nb5 57. Kg3 Bg6 58. Kf4 Rf5+ 59. Kg4 Re5 60. Kf4 Rf5+ 61. Kg4 Re5 1/2-1/2

[Event "Douglas IoM Major op"]
[Site "Douglas"]
[Date "2016.10.08"]
[Round "6"]
[White "Price, Andrew"]
[Black "Opasiak, Dustin Tennessee"]
[Result "0-1"]
[WhiteElo "1822"]
[BlackElo "1829"]
[PlyCount "50"]
[EventDate "2016.10.03"]
[EventType "swiss"]
[EventRounds "7"]
[EventCountry "IOM"]
[SourceTitle "EXT 2019"]
[Source "ChessBase"]
[SourceDate "2018.10.10"]
[SourceVersion "1"]
[SourceVersionDate "2018.10.10"]
[SourceQuality "1"]

1. d4 c5 2. e4 cxd4 3. c3 dxc3 4. Nxc3 e6 5. Bc4 Qc7 6. Qe2 a6 7. Nf3 Be7 8. 0-0 d6 9. Rd1 Nf6 10. Bf4 0-0 11. Rac1 Nc6 12. a3 Qb8 13. b4 Ne5 14. Ba2 Nxf3+ 15. Qxf3 e5 16. Bh6 gxh6 17. Rd3 Be6 18. Bxe6 fxe6 19. Qh3 Kf7 20. Rf3 Rg8 21. Qxh6 Rg7 22. Ne2 Qf8 23. Kf1 Rc8 24. Rcc3 Rxc3 25. Rxc3 Rg6 0-1

[Event "BCF-ch Seniors 65"]
[Site "Bournemouth"]
[Date "2016.07.29"]
[Round "6"]
[White "Price, Andrew"]
[Black "Surtees, Michael"]
[Result "0-1"]
[WhiteElo "1787"]
[BlackElo "2093"]
[PlyCount "110"]
[EventDate "2016.07.24"]
[EventType "swiss"]
[EventRounds "7"]
[EventCountry "ENG"]
[SourceTitle "CBM 173 Extra"]
[Source "ChessBase"]
[SourceDate "2016.08.29"]
[SourceVersion "1"]
[SourceVersionDate "2016.08.29"]
[SourceQuality "1"]

1. d4 e6 2. Nf3 Nf6 3. c4 Nc6 4. Nc3 Bb4 5. Bg5 h6 6. Bxf6 Bxc3+ 7. bxc3 Qxf6 8. Qc2 d6 9. e3 e5 10. Bd3 g6 11. 0-0 0-0 12. Nd2 Qg7 13. Be4 Nd8 14. f4 f5 15. Bd5+ Kh7 16. c5 c6 17. Bb3 exf4 18. exf4 dxc5 19. Rae1 b5 20. dxc5 a5 21. a4 Ra7 22. Rf3 Re7 23. Rfe3 Rfe8 24. Qd3 Nb7 25. axb5 Nxc5 26. Rxe7 Rxe7 27. Rxe7 Qxe7 28. Qf1 Qe3+ 29. Qf2 Qxf2+ 30. Kxf2 cxb5 31. Bc2 Bb7 32. g3 Be4 33. Bb1 Bd5 34. Bc2 a4 35. Nb1 Be4 36. Bxe4 Nxe4+ 37. Ke3 Kg7 38. Kd3 Kf6 39. Na3 Nd6 40. Kd4 Ke6 41. Kc5 g5 42. Kd4 g4 43. Kc5 h5 44. Kd4 Kd7 45. Kd5 Ne4 46. Kd4 Kc6 47. Nc2 Kb6 48. Na3 Ka6 49. Kd3 Kb6 50. Kd4 Nd2 51. Ke5 Nc4+ 52. Kxf5 Nxa3 53. Ke6 Nc4 54. f5 Kc6 55. f6 Nd6 0-1

[Event "BCF-ch Seniors 65"]
[Site "Bournemouth"]
[Date "2016.07.24"]
[Round "1"]
[White "Habershon, Paul F"]
[Black "Price, Andrew"]
[Result "0-1"]
[WhiteElo "2019"]
[BlackElo "1787"]
[PlyCount "84"]
[EventDate "2016.07.24"]
[EventType "swiss"]
[EventRounds "7"]
[EventCountry "ENG"]
[SourceTitle "CBM 173 Extra"]
[Source "ChessBase"]
[SourceDate "2016.08.29"]
[SourceVersion "1"]
[SourceVersionDate "2016.08.29"]
[SourceQuality "1"]

1. e4 e6 2. d4 d5 3. Nc3 Nf6 4. Bg5 Bb4 5. e5 h6 6. exf6 hxg5 7. fxg7 Rg8 8. h4 gxh4 9. Nf3 Qf6 10. Rxh4 Qxg7 11. Qd3 Nd7 12. 0-0-0 a6 13. g3 Nf6 14. Bg2 Bd7 15. Rdh1 0-0-0 16. Ne5 Bd6 17. Qe3 Bxe5 18. dxe5 Ng4 19. Qa7 Bc6 20. f4 Kd7 21. Rh7 Qg6 22. Qd4 Kc8 23. Bf3 Rg7 24. R7h5 f5 25. Rg5 Qf7 26. Rgh5 Qg6 27. R1h4 Qf7 28. Qa7 Rdg8 29. Ne2 b6 30. Qxa6+ Bb7 31. Qa4 Nf2 32. Rh6 Ne4 33. Bxe4 dxe4 34. Rf6 Qd7 35. Qb4 Rd8 36. Qe1 e3 37. Rh2 Qd2+ 38. Qxd2 exd2+ 39. Kd1 Bf3 40. Rf2 Rxg3 41. Rxf3 Rxf3 42. Nc3 Re3 0-1